Microbial processing of metal sulfides

Bewaard in:
Bibliografische gegevens
Hoofdauteurs: Donati, Edgardo R (Auteur), Sand, Wolfgang (Auteur)
Formaat: Boek
Taal:Engels
Gepubliceerd in: Dordrecht Springer 2007
Onderwerpen:
Tags: Voeg label toe
Geen labels, Wees de eerste die dit record labelt!

MARC

LEADER 00000cam a2200000 a 4500
001 UCF5598
003 CL-VaPUC
008 130318e20070000NE |||||||||||||||||eng|d
020 |a 9781402055881 
082 0 4 |a 669.028  |b DON  |2 21 
100 0 |a Donati, Edgardo R  |e author  |9 567543 
700 0 |a Sand, Wolfgang  |e author  |9 567544 
245 1 0 |a Microbial processing of metal sulfides 
300 |a 314 p 
942 |c BK 
945 |d 20130318 00:00:00  |a dcastane 
260 |a Dordrecht  |b Springer  |c 2007 
650 7 |a SULFITOS  |2 CL-VaPUC  |9 567545 
650 0 |a Biotecnología   |9 259561 
583 |a last modification  |c 20130318 11:20:00  |k Rodrigo Vera 
999 |c 351090  |d 351088 
952 |0 0  |1 0  |4 0  |6 669_028000000000000_DON_2007  |7 0  |8 A  |9 454977  |a BIBING  |b BIBING  |d 2019-11-22  |i 4955013  |o 669.028 DON 2007  |p 4955013  |r 2025-01-20  |w 2019-11-22  |y BK  |k EIB